9 Habits of Highly Effective Teachers : (Record no. 11577)
[ view plain ]
| 000 -LEADER | |
|---|---|
| fixed length control field | 01540cam a2200325 a 4500 |
| 001 - CONTROL NUMBER | |
| control field | 14463286 |
| 005 - DATE AND TIME OF LATEST TRANSACTION | |
| control field | 20070514115349.0 |
| 008 - FIXED-LENGTH DATA ELEMENTS--GENERAL INFORMATION | |
| fixed length control field | 060721s2007 enka b 001 0 eng |
| 010 ## - LIBRARY OF CONGRESS CONTROL NUMBER | |
| LC control number | 2006024118 |
| 020 ## - INTERNATIONAL STANDARD BOOK NUMBER | |
| International Standard Book Number | 0826491219 (pbk.) |
| 020 ## - INTERNATIONAL STANDARD BOOK NUMBER | |
| International Standard Book Number | 9780826491213 (pbk.) |
| 035 ## - SYSTEM CONTROL NUMBER | |
| System control number | (OCoLC)ocm70698930 |
| 035 ## - SYSTEM CONTROL NUMBER | |
| System control number | (OCoLC)70698930 |
| 040 ## - CATALOGING SOURCE | |
| Original cataloging agency | DLC |
| Transcribing agency | DLC |
| Modifying agency | BAKER |
| -- | YDXCP |
| -- | C#P |
| -- | DLC |
| 050 00 - LIBRARY OF CONGRESS CALL NUMBER | |
| Classification number | LB1025.3 |
| Item number | .T83 2007 |
| 082 00 - DEWEY DECIMAL CLASSIFICATION NUMBER | |
| Classification number | 371.1 |
| Edition number | 22 |
| Item number | TUR |
| 100 1# - MAIN ENTRY--PERSONAL NAME | |
| Personal name | Turnbull, Jacquie. |
| 9 (RLIN) | 4950 |
| 245 10 - TITLE STATEMENT | |
| Title | 9 Habits of Highly Effective Teachers : |
| Remainder of title | A Practical Guide to Empowerment / |
| Statement of responsibility, etc | Jacquie Turnbull. |
| 246 3# - VARYING FORM OF TITLE | |
| Title proper/short title | Nine habits of highly effective teachers |
| 260 ## - PUBLICATION, DISTRIBUTION, ETC. (IMPRINT) | |
| Place of publication, distribution, etc | London ; |
| -- | New York : |
| Name of publisher, distributor, etc | Continuum, |
| Date of publication, distribution, etc | c2007. |
| 300 ## - PHYSICAL DESCRIPTION | |
| Extent | viii, 209 p. : |
| Other physical details | ill. ; |
| Dimensions | 22 cm. |
| 504 ## - BIBLIOGRAPHY, ETC. NOTE | |
| Bibliography, etc | Includes bibliographical references (p. [195]-199) and index. |
| 650 #0 - SUBJECT ADDED ENTRY--TOPICAL TERM | |
| Topical term or geographic name as entry element | Effective teaching. |
| 9 (RLIN) | 4951 |
| 650 #0 - SUBJECT ADDED ENTRY--TOPICAL TERM | |
| Topical term or geographic name as entry element | Educational leadership. |
| 9 (RLIN) | 4952 |
| 856 41 - ELECTRONIC LOCATION AND ACCESS | |
| Materials specified | Table of contents only |
| Uniform Resource Identifier | <a href="http://www.loc.gov/catdir/toc/ecip0617/2006024118.html">http://www.loc.gov/catdir/toc/ecip0617/2006024118.html</a> |
| 942 ## - ADDED ENTRY ELEMENTS (KOHA) | |
| Source of classification or shelving scheme | Dewey Decimal Classification |
| Item type | Book - Borrowing |
| Withdrawn status | Item status | Source of classification or shelving scheme | Damaged status | Not for loan | Vendor | Home library | Current library | Shelving location | Date acquired | Source of acquisition | Cost, normal purchase price | Serial Enumeration / chronology | Total Checkouts | Total Renewals | Full call number | Barcode | Date last seen | Date last borrowed | Koha item type |
|---|---|---|---|---|---|---|---|---|---|---|---|---|---|---|---|---|---|---|---|
| Dewey Decimal Classification | Alahram | Central Library | Central Library | First floor | 21/05/2009 | 96.00 | 355 | 4 | 12 | 371.1 TUR | 000016192 | 15/07/2025 | 29/09/2022 | Book - Borrowing | |||||
| Dewey Decimal Classification | Baccah | Central Library | Central Library | First floor | 08/07/2009 | 180.00 | 8139 | 3 | 14 | 371.1 TUR | 000017280 | 15/07/2025 | 05/02/2017 | Book - Borrowing |